00759 2200277 4500001002100000005001500021035002000036007000300056040001600059100002000075245005000095250002100145300004100166020002200207041000800229082001000237090002800247264004000275336002100315337003000336338002300366650002300389850001000412008004100422990001800463INLIS00000000000437520260526113044 a0010-0122000007ta aSBUPADbind0 aAndiePengarang1 aSistem Jaringan Komputer untuk Pemula /cAndi a.-Ed. 1, Cet. 19 aviii, 200 hal. :billus. ;c16x23 cm a978-979-29-1339-20 aind a003.5 a621.382 H t 20.1 L1-16 a.--Yogyakarta :bAndi Offset,c2010 2rdacontentaTeks 2rdamediaaTanpa Perantara 2rdacarrieravolume 4aPerangkat Jaringan aPUPAD260526 0  a13239/Br/2010